000 00944cam a2200313 a 4500
001 12250256
003 NUST
005 20220228125742.0
008 000204s1999 pk b 001 0 eng
010 _a 00281752
025 _aP-E-00281752; 07
035 _a(DLC) 00281752
038 _awaseem
040 _aDLC
_cDLC
042 _alcode
043 _aa-pk---
050 0 0 _aDS384
_b.B8775 1999
082 _a954.91
_bBUR
100 1 _aBurki, Shahid Javed.
_989820
245 1 0 _aPakistan, fifty years of nationhood /
_cShahid Javed Burki.
260 _aLahore :
_bVanguard,
_c2004.
300 _axxi, 250 p. ;
_c22 cm.
504 _aIncludes bibliographical references (p. 233-238) and index.
563 _aHBK.
651 0 _aPakistan
_xHistory.
_989821
906 _a7
_bcbc
_corigode
_d3
_encip
_f20
_gy-gencatlg
942 _2ddc
_cBK
999 _c588351
_d588351